| 000 | 00655nam a2200205 u 4500 | ||
|---|---|---|---|
| 005 | 20220812063833.0 | ||
| 008 | 091014s2007 ag r 000 0 spa d | ||
| 020 | _a9870006620 (10 digitos) | ||
| 020 | _a9789870006626 (13 digitos) | ||
| 035 | _aUPN01000173150 | ||
| 049 | _aCG | ||
| 050 | 4 |
_aHD30.28 _bA5.5 |
|
| 100 | 1 |
_aAnder-Egg, Ezequiel, _d1930- _928724 |
|
| 245 | 1 | 0 |
_aIntroducción a la planificación estratégica / _cEzequiel Ander-Egg. |
| 260 |
_aBuenos Aires : _bLumen-Hvmanitas, _c2007. |
||
| 300 |
_a206 p. : _bgráfs. |
||
| 440 | 0 | _aPolítica, servicios y trabajo social | |
| 650 | 4 |
_aPlanificación estratégica _91106 |
|
| 905 | _aLibro | ||
| 999 |
_c145254 _d145254 |
||